| 000 | 00504cam a2200205ua 4500 | ||
|---|---|---|---|
| 020 |
_a81-224-0490-1 _c85.00 |
||
| 041 |
_aeng _h |
||
| 082 |
_a631.4 _bKOL/BA |
||
| 100 | _aKolay, A K . | ||
| 245 |
_aBasic concept of soil science / _cA K Kolay. _hTextual Documents |
||
| 250 |
_a1 / _b. |
||
| 260 |
_aNew Delhi : _bWiley Eastern Ltd , _c1993. |
||
| 300 | _a237 ; . | ||
| 365 | _a85.00 | ||
| 504 | _a | ||
| 942 | _cBK | ||
| 999 |
_c7312 _d7312 |
||